Wertvermittlung durch die Kirche

Elmentve itt :
Bibliográfiai részletek
Szerző: Bogensberger Hugo
Dokumentumtípus: Könyv része
Megjelent: 1998
Sorozat:Acta studiorum religionis 1
Tanulmányok András Imre 70. születésnapjára 1
Kulcsszavak:Vallásszociológia, Katolikus egyház - Magyarország - 20. sz.
Tárgyszavak:
Online Access:http://acta.bibl.u-szeged.hu/25171
LEADER 00804naa a2200217 i 4500
001 acta25171
005 20210923081117.0
008 161017s1998 hu o 0|| ger d
022 |a 1419-2381 
040 |a SZTE Egyetemi Kiadványok Repozitórium  |b hun 
041 |a ger 
100 1 |a Bogensberger Hugo 
245 1 0 |a Wertvermittlung durch die Kirche  |h [elektronikus dokumentum] /  |c  Bogensberger Hugo 
260 |c 1998 
300 |a 89-97 
490 0 |a Acta studiorum religionis  |v 1 
490 0 |a Tanulmányok András Imre 70. születésnapjára  |v 1 
650 4 |a Bölcsészettudományok 
650 4 |a Filozófia, etika és vallástudományok 
695 |a Vallásszociológia, Katolikus egyház - Magyarország - 20. sz. 
856 4 0 |u http://acta.bibl.u-szeged.hu/25171/1/religiosa_001_089-097.pdf  |z Dokumentum-elérés